000 00441nam a22001817a 4500
005 20200518101524.0
008 200518b xxu||||| |||| 00| 0 eng d
020 _a9798189747922
041 _aeng
082 _a615 ALI
100 _aALI.Dr. Javed
_95475
245 _aBiopharmaceutics and pharmacokinetic
250 _a5'th
260 _aDelhi
_bBirla Publication
_c2020
300 _a368 viii
650 _aPharmacy
_95476
942 _cBK
999 _c6255
_d6253